Indian foreign policy: in defence of national interest: an analytical study of Indian foreign policy (Record no. 367210)

000 -LEADER
fixed length control field 00413cam a22001217a 4500
008 - FIXED-LENGTH DATA ELEMENTS--GENERAL INFORMATION
fixed length control field 180718b1956 xxu||||| |||| 00| 0 eng d
082 ## - DEWEY DECIMAL CLASSIFICATION NUMBER
Classification number Dx54 G959
100 ## - MAIN ENTRY--PERSONAL NAME
Personal name Gupta, Karunakar
245 ## - TITLE STATEMENT
Title Indian foreign policy: in defence of national interest: an analytical study of Indian foreign policy
Statement of responsibility, etc. by Karunakar Gupta
260 ## - PUBLICATION, DISTRIBUTION, ETC.
Place of publication, distribution, etc. Calcutta
Name of publisher, distributor, etc. World Press
Date of publication, distribution, etc. 1956
300 ## - PHYSICAL DESCRIPTION
Extent 109p.
650 ## - SUBJECT ADDED ENTRY--TOPICAL TERM
Topical term or geographic name entry element India --Foreign relations
Holdings
Withdrawn status Lost status Damaged status Not for loan Permanent Location Current Location Date acquired Full call number Barcode Date last seen Price effective from Koha item type
        Indian Institute of Public Administration Indian Institute of Public Administration 1994-05-11 Dx54 G959 17239 2018-07-21 2018-07-21 Book
        Indian Institute of Public Administration Indian Institute of Public Administration 1994-05-11 Dx54 G959 373 2018-07-21 2018-07-21 Book

Powered by Koha